000 00655nmm a2200205Ia 4500
008 251105s9999||||xx |||||||||||||||||und||
020 _a9788490297803
041 _aspa
100 _aCavaller Reyes, Víctor
245 0 _aMedición y evaluación de la comunicación
264 _a[Madrid, España] :
_bUniversitat Oberta de Catalunya,
_c2013
300 _a198 páginas
650 _aMedia Studies (Journ., TV, etc)
700 _aCavaller Reyes, Víctor
700 1 _a de Carreras Serra, Lluís
700 1 _a Sánchez-Añón, Silvia
700 1 _a March Plana, Albert
856 _uhttps://public.digitaliapublishing.com/a/24515
942 _cCF
999 _c63842
_d63842